Statystyki dla Qry - Dzieci w samochodach

Kliknij tutaj aby rozwiązać quiz!

Ogólne statystyki

  • Ten quiz został rozwiązany 20 razy
  • Średni wynik to 10 z 15

Statystyki odpowiedzi

NumerGośćUtwór% Poprawnych
7Mini MajkMały ale wariat
94%
13Bierz do buzi
83%
15Dzieci w samochodach
78%
10BorixonNirvana
78%
6Barbie
72%
5Marionetki
72%
3GBS
67%
4SmolastySerca nie kupisz
67%
11Creepy
61%
2Muza
61%
8Znajdę Cie
61%
1Słodziak
56%
12Byłem w Tobie pierwszy
50%
9Powiedz mi to
50%
14Robię co chcę
44%

Rozkład punktacji

Percentyl według liczby udzielonych odpowiedzi

Procent ludzi z każdym wynikiem

Twoja historia wyników

Nie rozwiązałeś tego quizu